NBA Most Points Per Game Per Franchise Player in One Season - Statistics

General Stats
  • This quiz has been taken 411 times
    231 since last reset
  • The average score is 19 of 30
Answer Stats
Team PPG Player % Correct
Bulls 37.1 Michael Jordan
99%
Warriors 50.4 Wilt Chamberlain
99%
76ers 33.5 Wilt Chamberlain
99%
Rockets 36.1 James Harden
98%
Bucks 34.8 Kareem Abdul-Jabbar
96%
Lakers 35.4 Kobe Bryant
95%
Cavaliers 31.4 LeBron James
93%
Thunder 32.0 Kevin Durant
89%
Suns 27.1 Kevin Durant
89%
Mavericks 33.9 Luka Dončić
87%
Trail Blazers 32.2 Damian Lillard
82%
Heat 30.2 Dwyane Wade
78%
Pelicans 28.1 Anthony Davis
66%
Grizzlies 26.2 Ja Morant
66%
Magic 32.1 Tracy McGrady
66%
Raptors 27.6 Vince Carter
66%
Nets 27.5 Vince Carter
66%
Spurs 33.1 George Gervin
64%
Clippers 34.5 Bob McAdoo
62%
Nuggets 29.8 Alex English
56%
Hawks 31.1 Bob Pettit
53%
Celtics 30.1 Jayson Tatum
52%
Knicks 32.9 Bernard King
42%
Jazz 31.1 Pete Maravich
42%
Timberwolves 26.1 Kevin Love
32%
Hornets 26.8 Glen Rice
23%
Kings 34.0 Nate Archibald
22%
Pistons 29.8 Jerry Stackhouse
14%
Wizards 31.6 Walt Bellamy
11%
Pacers 26.6 Billy Knight
3%
No matching quizzes found
Score Distribution
Percent of People with Each Score
Percentile by Number Answered
Your Score History
You have not taken this quiz since the last reset